| 000 | 00526nam a2200181Ia 4500 | ||
|---|---|---|---|
| 999 |
_c10993 _d10993 |
||
| 003 | OSt | ||
| 005 | 20191213152938.0 | ||
| 008 | 190216s9999||||xx |||||||||||||| ||und|| | ||
| 020 | _a9780195689266 | ||
| 040 | _coclc | ||
| 082 |
_a338.5 _bCOW/M |
||
| 100 |
_aCowell, Frank _9482 |
||
| 245 | 0 |
_aMicroeconomics Principles And Analysis / _cFrank Cowell |
|
| 260 |
_bOxford University Press, _aNew Delhi: _c2006. |
||
| 300 | _a637p | ||
| 650 | _aEconomics | ||
| 942 |
_cBK _2ddc _h338.5 _iCOW/M _k338.5 _mCOW/M |
||